000 00453nam a2200169Ia 4500
003 GCL
008 140319s9999 xx 000 0 ara d
040 _aGCL /
_cGCL
082 0 4 _a811.008
_bخ خ
100 1 _aخليل مطران
245 1 0 _aخليل مطران : قصائد /
_cخليل مطران
700 1 _aاحمد حجازى
490 _a
650 0 4 _aالادب العربى
650 0 4 _aالشعر - مجموعات
942 _2ddc
_cBK
999 _c41510
_d41510